000 01064nam a2200241 a 4500
001 BRCA_650
005 20190320203109.0
008 090408s1999----sp-o---###---#000-0#spa-#
020 _a8492323426
050 4 _aND813.G6
_b.C36 1999
100 1 _aCano Cuesta, Marina
_92183
245 1 0 _aGoya en la Fundación Lázaro Galdiano
_cMarina Cano Cuesta.
260 _aMadrid
_bFundación Lázaro Galdiano
_c1999
300 _a408 p.
_bil. (algunas a color), fotografías
_c24 cm.
440 0 _aCatálogos de la Fundación Lázaro Galdiano
_v1
_92184
500 _aApéndices : Goya en la antigua colección Lázaro. Filigranas. Breve cronología de la vida y obra de Goya y Lucientes. Exposiciones
504 _aBibliografía: p. 391-406
600 1 4 _aGoya y Lucientes, Francisco José de
_d1746-1828
_vCatálogos
_92185
610 2 4 _aFundación Lázaro Galdiano
_xColecciones de pintura
_zMadrid (España)
_92186
650 1 4 _aPintores y grabadores
_ySiglos XVIII y XIX
_zEspaña
_92187
650 1 4 _aRomanticismo, Barroco, Neosicismo
_xEn la pintura
_92188
942 _2lcc
_cB
999 _c566
_d566